00835nam a22002177a 450000500170000001000150001702000260003203500140005803700090007208200130008110000260009424500620012025000080018226000740019027001270026430000290039170000260042094200240044699900190047095201280048920260515144944.0 aENG-148488 a9789371363556c815.00 aEN-132020 bDBAD a658.326 aMahajan, Mahak961511 aNTA-UGC Management Paper-2 /cMahak Mahajan & Rahat Arora a6th aNoida, Uttar PradeshbPearson India Education Services Pvt. Ltdc2026 a1st Floor, Berger Tower, Plot No. C-001A/2, Sector 16B, bNoida, Uttar Pradeshe201301mcompanysecretary.india@pearson.com avarious pagesc26cm(pbk) a Arora, Rahat 989117 2ddccENh658.3mMAH c216223d216223 001040708NFICaTNbTNd2026-05-15eDBADg815.00l0o658.3 MAHpEN-132020r2026-05-15 14:46:10t1v815.00w2026-05-15yEN